[Event "Tournoi Skype 010"]
[Site "Skype"]
[Date "????.??.??"]
[Round "6.1"]
[White "Auger, Bertrand"]
[Black "Sagar Pati, Manjeet"]
[Result "0-1"]
[WhiteElo "1991"]
[BlackElo "1399"]
[PlyCount "86"]

1. Nf3 Nf6 2. g3 d5 3. Bg2 Bf5 4. c4 c6 5. cxd5 cxd5 6. O-O Nc6 7. d4 g6 8. Nc3
Bg7 9. Ne5 O-O 10. Nxc6 bxc6 11. Bf4 Qb6 12. Na4 Qb5 13. Rc1 Nd7 14. b3 Rfe8
15. Nc5 e5 16. a4 Qb4 17. Bd2 Qb6 18. Nxd7 Bxd7 19. dxe5 Bxe5 20. a5 Qb5 21. e3
Rab8 22. b4 Bd6 23. Qf3 Bxb4 24. Rb1 Qc4 25. Rxb4 Rxb4 26. Rc1 Qb3 27. Bxb4
Qxb4 28. Qf6 Rb8 29. Qg5 Qd2 30. Rf1 Qxa5 31. e4 Be6 32. h4 Qd8 33. Qe5 d4 34.
Rd1 d3 35. Bf1 Rb3 36. h5 gxh5 37. Be2 h4 38. Bh5 Rb5 39. Qc3 hxg3 40. Rxd3
gxf2+ 41. Kxf2 Qh4+ 42. Rg3+ Rg5 43. Bxf7+ Bxf7 0-1

[Event "Tournoi Skype 010"]
[Site "Skype"]
[Date "????.??.??"]
[Round "6.2"]
[White "Megelas, Florent"]
[Black "Hervais, Adrien"]
[Result "0-1"]
[WhiteElo "1711"]
[BlackElo "2038"]
[PlyCount "32"]

1. e4 e6 2. d4 d5 3. Nc3 Nf6 4. Bg5 Bb4 5. e5 h6 6. Bxf6 gxf6 7. Qd2 c5 8. Nf3
cxd4 9. Qxd4 Nc6 10. Bb5 Qa5 11. Bxc6+ bxc6 12. exf6 c5 13. Qd2 d4 14. Nxd4
cxd4 15. Qxd4 Bxc3+ 16. bxc3 Ba6 0-1

[Event "Tournoi Skype 010"]
[Site "Skype"]
[Date "????.??.??"]
[Round "6.3"]
[White "Catherine, Bertrand"]
[Black "Parmar, Manoj"]
[Result "1/2-1/2"]
[WhiteElo "1909"]
[BlackElo "1483"]
[PlyCount "54"]

1. e4 d5 2. exd5 Qxd5 3. Nc3 Qa5 4. Bc4 c6 5. d3 Nf6 6. Bd2 Qc7 7. Qe2 Bf5 8.
Nf3 e6 9. Nd4 Be7 10. Nxf5 exf5 11. Qf3 Qe5+ 12. Ne2 Qxb2 13. Bc3 Qb6 14. O-O
O-O 15. Qxf5 Nbd7 16. Ng3 Qc7 17. Qg5 g6 18. Nf5 Bd8 19. Nh6+ Kg7 20. Rfe1 b5
21. Bb3 a5 22. a4 b4 23. Bb2 Qb6 24. Nf5+ Kg8 25. Nh6+ Kg7 26. Ng4 Qc5 27. Qh6+
Kg8 1/2-1/2

[Event "Tournoi Skype 010"]
[Site "Skype"]
[Date "????.??.??"]
[Round "6.4"]
[White "De Leener, Luc"]
[Black "Salazar Ticeran, Antonio"]
[Result "0-1"]
[WhiteElo "1607"]
[BlackElo "1842"]
[PlyCount "80"]

1. e4 c5 2. d4 cxd4 3. c3 dxc3 4. Nxc3 e6 5. Bc4 Bb4 6. Nf3 Ne7 7. O-O Ng6 8.
Bd2 O-O 9. Rc1 a6 10. a3 Be7 11. Ne2 b5 12. Bd3 Nc6 13. Nf4 Nce5 14. Nxg6 Nxf3+
15. Qxf3 fxg6 16. Qe2 Bb7 17. Be3 Rc8 18. Rxc8 Qxc8 19. Rc1 Qa8 20. f3 Bc6 21.
Bd4 Bf6 22. Bxf6 gxf6 23. Qe3 Kg7 24. Qd4 Qb8 25. Rc2 Qe5 26. Qxe5 fxe5 27. Rc5
Kf6 28. Kf2 Rc8 29. Ke3 Bb7 30. Rxc8 Bxc8 31. g3 d5 32. exd5 exd5 33. b4 d4+
34. Ke2 Bf5 35. Bxf5 gxf5 36. Kd3 Kg5 37. h3 h5 38. h4+ Kf6 39. f4 Ke6 40. fxe5
Kxe5 0-1

[Event "Tournoi Skype 010"]
[Site "Skype"]
[Date "????.??.??"]
[Round "6.6"]
[White "Jacquelin, Norbert"]
[Black "Mulrooney, Justin"]
[Result "1-0"]
[WhiteElo "1810"]
[BlackElo "1300"]
[PlyCount "52"]

1. e4 e6 2. d4 d5 3. Nc3 Bd7 4. exd5 exd5 5. Nxd5 Be6 6. Nf4 Nf6 7. Nxe6 fxe6
8. Bc4 Nc6 9. Nf3 Qd6 10. O-O O-O-O 11. c3 Ne7 12. Ng5 Qc6 13. Bxe6+ Kb8 14.
Bb3 Nf5 15. Nf7 Nh4 16. f3 Ng4 17. Nxd8 Qd6 18. fxg4 Qxd8 19. g3 Ng6 20. Qe2
Bd6 21. Bf7 Ne7 22. Bg5 h6 23. Bxe7 Bxe7 24. Rae1 Bf6 25. Rf4 Rf8 26. Re4 a6
1-0

[Event "Tournoi Skype 010"]
[Site "Skype"]
[Date "????.??.??"]
[Round "6.7"]
[White "Engstrom, Olle"]
[Black "Ayotte, Jocelyn"]
[Result "0-1"]
[WhiteElo "1590"]
[BlackElo "2067"]
[PlyCount "52"]

1. d4 d5 2. c4 e6 3. Nc3 Nf6 4. cxd5 exd5 5. Bg5 Be7 6. e3 O-O 7. Qc2 c6 8. Bd3
Nbd7 9. Nge2 Re8 10. O-O Nf8 11. f3 c5 12. Qd2 cxd4 13. Nxd4 Ne6 14. Nxe6 Bxe6
15. e4 dxe4 16. fxe4 Qa5 17. a3 Rac8 18. b4 Qe5 19. Rac1 Ng4 20. Bf4 Qd4+ 21.
Kh1 Red8 22. Nd5 Bxd5 23. exd5 Rxc1 24. Rxc1 Nf2+ 25. Kg1 Nxd3+ 26. Be3 Qxd5
0-1

[Event "Tournoi Skype 010"]
[Site "Skype"]
[Date "????.??.??"]
[Round "6.8"]
[White "Deville, Olivier"]
[Black "Lambert, Pierre"]
[Result "1-0"]
[WhiteElo "1951"]
[BlackElo "1913"]
[PlyCount "87"]

1. Nf3 Nf6 2. c4 c6 3. e3 d5 4. Nc3 g6 5. d4 Bg7 6. Bd3 O-O 7. O-O Nbd7 8. cxd5
cxd5 9. Bd2 Nb6 10. a4 Bd7 11. Qb3 Bc6 12. Ne5 Rb8 13. a5 Nbd7 14. Nxc6 bxc6
15. Qa3 e5 16. dxe5 Nxe5 17. Be2 Re8 18. Na4 Qc7 19. Bb4 Bf8 20. Bxf8 Rxf8 21.
Nc5 Qd6 22. b4 Rfe8 23. Rfd1 Neg4 24. g3 Qe5 25. h3 Nxf2 26. Kxf2 Rxb4 27. Rd3
d4 28. Qxb4 dxe3+ 29. Kg2 Qxa1 30. Qc3 Qxc3 31. Rxc3 Nd5 32. Rb3 Re7 33. Kf3
Kf8 34. Nd3 f5 35. Ne1 g5 36. Ng2 f4 37. gxf4 gxf4 38. Rd3 Rg7 39. Nxf4 Rf7 40.
Rd4 Nc3 41. Kxe3 Nxe2 42. Nxe2 Rf5 43. Rf4 Rxf4 44. Kxf4 1-0

[Event "Tournoi Skype 010"]
[Site "Skype"]
[Date "????.??.??"]
[Round "6.9"]
[White "Hilton, Stephen"]
[Black "Talbot, Jacques"]
[Result "1-0"]
[WhiteElo "1937"]
[BlackElo "1374"]
[PlyCount "59"]

1. d4 d5 2. c4 e6 3. Nc3 Nf6 4. Nf3 c6 5. Bg5 Be7 6. e3 Nbd7 7. Qc2 O-O 8. Bd3
dxc4 9. Bxc4 Nb6 10. Bd3 Nbd5 11. a3 h6 12. Bh4 Nxc3 13. bxc3 Nd5 14. Bxe7 Qxe7
15. O-O Bd7 16. c4 Nf6 17. e4 c5 18. d5 exd5 19. exd5 Bg4 20. Rfe1 Qd6 21. Nd2
Rfe8 22. f3 Bd7 23. Ne4 Nxe4 24. Bxe4 f6 25. Qf2 f5 26. Bc2 Rxe1+ 27. Rxe1 g6
28. Qh4 Kg7 29. Qe7+ Qxe7 30. Rxe7+ 1-0

[Event "Tournoi Skype 010"]
[Site "Skype"]
[Date "????.??.??"]
[Round "6.10"]
[White "Meyer, Eric"]
[Black "Belouin, Bruno"]
[Result "1-0"]
[WhiteElo "1646"]
[BlackElo "1490"]
[PlyCount "53"]

1. d4 Nf6 2. c4 d5 3. cxd5 Nxd5 4. Nf3 e6 5. e4 Nb6 6. Nc3 a6 7. Bd3 Nc6 8. O-O
Be7 9. Re1 Nxd4 10. Nxd4 Qxd4 11. Bb5+ axb5 12. Qxd4 O-O 13. Qe3 Nc4 14. Qg3
Rd8 15. e5 c6 16. Bg5 Re8 17. Bf6 Bf8 18. Ne4 Kh8 19. Ng5 Kg8 20. Qd3 g6 21.
Qh3 h6 22. Re4 Nxb2 23. Rh4 Ra3 24. Qxa3 Nc4 25. Qxf8+ Kxf8 26. Rxh6 Kg8 27.
Rh8# 1-0

[Event "Tournoi Skype 010"]
[Site "Skype"]
[Date "????.??.??"]
[Round "6.11"]
[White "Casey, Eamonn"]
[Black "Mordaa, Ahmad"]
[Result "1-0"]
[WhiteElo "1642"]
[BlackElo "1457"]
[PlyCount "75"]

1. d4 Nf6 2. c4 e5 3. d5 Bc5 4. Nc3 d6 5. Bg5 h6 6. Bxf6 Qxf6 7. Nf3 O-O 8. a3
Re8 9. Ne4 Qg6 10. Nxc5 dxc5 11. e3 Bg4 12. Be2 e4 13. Nh4 Bxe2 14. Qxe2 Qf6
15. g3 g5 16. Ng2 Qf3 17. Kf1 Qxe2+ 18. Kxe2 Nd7 19. h4 Kg7 20. hxg5 hxg5 21.
Rh5 Kg6 22. Rah1 Nf6 23. Rh6+ Kg7 24. f4 exf3+ 25. Kxf3 Rh8 26. Rxh8 Rxh8 27.
Rxh8 Kxh8 28. e4 Kg7 29. e5 Nd7 30. Ke4 Kg6 31. Ne3 f6 32. e6 Ne5 33. b3 Kg7
34. Kf5 g4 35. Nxg4 Nxg4 36. Kxg4 Kg6 37. Kf4 f5 38. Ke5 1-0

[Event "Tournoi Skype 010"]
[Site "Skype"]
[Date "????.??.??"]
[Round "6.12"]
[White "Janssen, Gerard"]
[Black "Saidi, Bhen"]
[Result "1-0"]
[WhiteElo "1602"]
[BlackElo "1465"]
[PlyCount "111"]

1. d4 d5 2. c4 Nf6 3. Nf3 e6 4. e3 Bb4+ 5. Nc3 Nc6 6. Qc2 Bxc3+ 7. bxc3 O-O 8.
a4 a6 9. a5 b6 10. axb6 cxb6 11. cxd5 Nxd5 12. Ba3 Re8 13. Bd3 g6 14. O-O Bb7
15. e4 Nf4 16. Bc4 b5 17. Ba2 b4 18. cxb4 Nxd4 19. Nxd4 Qxd4 20. Rad1 Qxe4 21.
Qxe4 Bxe4 22. f3 Bc2 23. Rd2 Bf5 24. g4 Bd3 25. Re1 Bb5 26. Re4 Nh3+ 27. Kg2
Ng5 28. Red4 Bc6 29. R4d3 a5 30. h4 Nxf3 31. Rxf3 axb4 32. Bxb4 Rxa2 33. Rxa2
Bxf3+ 34. Kxf3 e5 35. g5 e4+ 36. Ke3 Kg7 37. Bc3+ Kg8 38. Ra4 Rc8 39. Bf6 h6
40. gxh6 Kh7 41. Bg5 Rc3+ 42. Kxe4 Rc7 43. Ke5 f5 44. Ra6 Rf7 45. Ke6 Kg8 46.
Ra8+ Rf8 47. Rxf8+ Kxf8 48. Kf6 Kg8 49. Kxg6 f4 50. Bxf4 Kh8 51. Be5+ Kg8 52.
h7+ Kf8 53. h8=Q+ Ke7 54. Qf6+ Kd7 55. Qd6+ Kc8 56. Qc7# 1-0

[Event "Tournoi Skype 010"]
[Site "Skype"]
[Date "????.??.??"]
[Round "6.13"]
[White "Hargez, Dany"]
[Black "Trivedi, Viral"]
[Result "0-1"]
[WhiteElo "1399"]
[BlackElo "1581"]
[PlyCount "84"]

1. e4 e5 2. Nf3 Nc6 3. d4 exd4 4. Bd3 Bc5 5. e5 d6 6. exd6 Qxd6 7. O-O Bg4 8.
Re1+ Nge7 9. Bb5 O-O 10. Bxc6 Nxc6 11. Qd3 Nb4 12. Qe4 Bxf3 13. gxf3 Qg6+ 14.
Qxg6 fxg6 15. Re2 Rxf3 16. a3 Nd5 17. Nd2 Rf5 18. Ne4 Re8 19. Bd2 Nf6 20. Rae1
Nxe4 21. Rxe4 Ref8 22. R4e2 d3 23. cxd3 Bxf2+ 24. Rxf2 Rxf2 25. Be3 Rxb2 26.
Bxa7 b6 27. Re7 c5 28. Bxb6 Rxb6 29. Re5 Rc8 30. Re4 Rb3 31. a4 Rxd3 32. Rc4
Rd2 33. Kf1 Ra8 34. Ke1 Rxh2 35. Kd1 Ra2 36. Rxc5 R8xa4 37. Kc1 Rg2 38. Rc2
Rxc2+ 39. Kxc2 h5 40. Kd2 h4 41. Ke2 h3 42. Kf1 Rg4 0-1

[Event "Tournoi Skype 010"]
[Site "Skype"]
[Date "????.??.??"]
[Round "6.14"]
[White "Kumar Pradhan, Soundarya"]
[Black "Belouin, Alexis"]
[Result "1-0"]
[WhiteElo "1570"]
[BlackElo "1422"]
[PlyCount "59"]

1. d4 d5 2. c4 Nf6 3. cxd5 Nxd5 4. e4 Nf6 5. Nc3 e6 6. Nf3 Bb4 7. Bd3 Nc6 8.
Be3 Qe7 9. a3 Bxc3+ 10. bxc3 e5 11. d5 Na5 12. Qa4+ c6 13. Qxa5 cxd5 14. Bb5+
Bd7 15. Bxd7+ Nxd7 16. exd5 e4 17. Nd2 O-O 18. Qb4 Rfe8 19. Qxe7 Rxe7 20. Kf1
a6 21. Ke2 Rc8 22. c4 f5 23. f3 Nf8 24. c5 b5 25. d6 Re6 26. d7 Rb8 27. c6 Rd8
28. Bb6 Rxd7 29. cxd7 Rd6 30. d8=Q 1-0

[Event "Tournoi Skype 010"]
[Site "Skype"]
[Date "????.??.??"]
[Round "6.15"]
[White "Duthoit, Bernard"]
[Black "Cossalter, Maurizio"]
[Result "1/2-1/2"]
[WhiteElo "1517"]
[BlackElo "1422"]
[PlyCount "125"]

1. e4 c5 2. Nf3 Nc6 3. d4 cxd4 4. Nxd4 e5 5. Nb3 Nf6 6. Nc3 d6 7. Bg5 Be7 8.
Be2 O-O 9. O-O Be6 10. Nd2 Rc8 11. Nc4 a6 12. Bxf6 Bxc4 13. Bxe7 Bxe2 14. Bxd8
Bxd1 15. Rfxd1 Rfxd8 16. Ne2 b5 17. c3 Ne7 18. Ng3 g6 19. Rd2 Rd7 20. Rad1 Rcd8
21. h4 h5 22. Ne2 f5 23. f4 exf4 24. Nxf4 Kf7 25. e5 Ke8 26. e6 Rc7 27. Rxd6
Rxd6 28. Rxd6 Ra7 29. Rb6 Ra8 30. b3 Kf8 31. c4 bxc4 32. bxc4 a5 33. c5 Nc8 34.
Rb7 Ne7 35. Nd5 Nxd5 36. Rf7+ Kg8 37. Rd7 Nf6 38. Rd6 Kf8 39. c6 Rc8 40. c7
Rxc7 41. Ra6 Re7 42. Ra8+ Kg7 43. Rxa5 Rxe6 44. a4 Re1+ 45. Kf2 Ra1 46. g3 Nd5
47. Rxd5 Rxa4 48. Rd3 Kf6 49. Rd6+ Kf7 50. Rd3 Ra6 51. Kf3 Kf6 52. Rd4 g5 53.
hxg5+ Kxg5 54. Rd5 Ra3+ 55. Kg2 Kg4 56. Rd4+ Kg5 57. Rf4 Ra2+ 58. Kh3 Ra1 59.
Kg2 Ra3 60. Kh3 Ra2 61. Rf3 Ra4 62. Rf1 Ra3 63. Rf4 1/2-1/2

[Event "Tournoi Skype 010"]
[Site "Skype"]
[Date "????.??.??"]
[Round "6.16"]
[White "De Coninck, Philippe"]
[Black "Picard, Mario"]
[Result "1-0"]
[WhiteElo "1510"]
[BlackElo "1250"]
[PlyCount "35"]

1. e4 e5 2. Nf3 Nc6 3. Bb5 Nf6 4. Bxc6 bxc6 5. Nc3 Be7 6. Nxe5 O-O 7. d4 d6 8.
Nxc6 Qd7 9. Nxe7+ Qxe7 10. Bg5 Rb8 11. Rb1 Bb7 12. f3 c6 13. O-O Qe6 14. f4 h6
15. Bxf6 Qxf6 16. e5 dxe5 17. fxe5 Qxe5 18. dxe5 1-0

[Event "Tournoi Skype 010"]
[Site "Skype"]
[Date "????.??.??"]
[Round "6.17"]
[White "Porcabeuf, Jean-Marc"]
[Black "L'Herbon De Lussats, Jean"]
[Result "1-0"]
[WhiteElo "1291"]
[BlackElo "1509"]
[PlyCount "99"]

1. d4 c5 2. c4 cxd4 3. Qxd4 Nc6 4. Qd1 Nf6 5. Nc3 e5 6. a3 a5 7. e4 Bc5 8. Nf3
O-O 9. Bg5 Qb6 10. Bxf6 Bxf2+ 11. Ke2 Qxb2+ 12. Kd3 Nb4+ 13. axb4 gxf6 14. bxa5
Bc5 15. Ra2 Qb4 16. Nd5 Qxa5 17. Rxa5 Rxa5 18. Ke2 Kg7 19. g3 b6 20. Bg2 Ba6
21. Nd2 b5 22. cxb5 Bxb5+ 23. Ke1 Rfa8 24. Nb3 Ba4 25. Qg4+ Kf8 26. Nxa5 Rxa5
27. Nxf6 Bb4+ 28. Ke2 Bb5+ 29. Kd1 Ra1+ 30. Kc2 Ba4+ 31. Kb2 Ra3 32. Nxd7+ Ke7
33. Nxe5 Rb3+ 34. Ka2 Ra3+ 35. Kb2 Rb3+ 36. Kc2 Ra3+ 37. Kc1 Rc3+ 38. Kb1 Rb3+
39. Ka2 Ra3+ 40. Kb1 Rb3+ 41. Kc2 Rc3+ 42. Kd2 Rc2+ 43. Ke3 Rc3+ 44. Kf4 Bd6
45. Ra1 Bb5 46. Ra7+ Bc7 47. Bh3 Bd7 48. Qxd7+ Kf6 49. Rxc7 Rb3 50. Qxf7# 1-0

[Event "Tournoi Skype 010"]
[Site "Skype"]
[Date "????.??.??"]
[Round "6.18"]
[White "Milanese, Serge"]
[Black "Galani, Mahendra"]
[Result "0-1"]
[WhiteElo "1399"]
[BlackElo "1491"]
[PlyCount "60"]

1. e4 e5 2. Nf3 d6 3. Nc3 Nf6 4. h3 Be6 5. d3 h6 6. Be3 c6 7. d4 exd4 8. Nxd4
Qc8 9. Bd3 c5 10. Ndb5 a6 11. Bf4 axb5 12. Bxb5+ Nbd7 13. Bxd6 b6 14. e5 Nh7
15. Ne4 Kd8 16. Bxf8 Rxf8 17. Qd6 Rb8 18. Rd1 Qb7 19. Nf6 gxf6 20. exf6 Re8 21.
O-O Nhxf6 22. Bxd7 Nxd7 23. Rfe1 Rc8 24. Qg3 Rc6 25. Qh4+ Kc8 26. Qa4 b5 27.
Qa5 Ra6 28. Qd2 Rg8 29. g3 Bxh3 30. Re8+ Rxe8 0-1

[Event "Tournoi Skype 010"]
[Site "Skype"]
[Date "????.??.??"]
[Round "6.19"]
[White "Murgia, Stefano"]
[Black "Martin, Elise"]
[Result "1-0"]
[WhiteElo "1769"]
[BlackElo "1196"]
[PlyCount "54"]

1. e4 c5 2. Nf3 d6 3. d4 cxd4 4. Nxd4 a6 5. Nc3 Bd7 6. f4 g6 7. Be3 Bg7 8. Qd2
Qb6 9. Ne6 Qxb2 10. Nxg7+ Kf8 11. Rb1 Qa3 12. Rb3 Qa5 13. Bb6 Nc6 14. Bxa5 Nxa5
15. Ra3 Nc6 16. Nd5 Kxg7 17. Nb6 Rd8 18. Nxd7 Rxd7 19. h4 Nf6 20. h5 Nxe4 21.
h6+ Kf8 22. Qd5 Ng3 23. Rxg3 Nb4 24. Qb3 Nc6 25. Qc3 Rg8 26. f5 gxf5 27. Rxg8+
Kxg8 1-0

[Event "Tournoi Skype 010"]
[Site "Skype"]
[Date "????.??.??"]
[Round "6.20"]
[White "Malbec, Robert"]
[Black "Legueltel, Daniel"]
[Result "1-0"]
[WhiteElo "1530"]
[BlackElo "1719"]
[PlyCount "57"]

1. e4 c5 2. Nf3 d6 3. d4 cxd4 4. Nxd4 Nf6 5. Nc3 Nc6 6. Bg5 Qa5 7. Bxf6 gxf6 8.
Be2 Rg8 9. g3 a6 10. Qd3 Ne5 11. Qd2 Bd7 12. Nb3 Qd8 13. Nd5 Rc8 14. O-O-O Ng4
15. Rdf1 Bh6 16. f4 Ne5 17. Kb1 Nc4 18. Bxc4 Rxc4 19. Re1 Bc6 20. Na5 Bxd5 21.
exd5 Rc5 22. Nxb7 Qb6 23. Nxc5 Qxc5 24. Qe3 Qxe3 25. Rxe3 Kd7 26. Rhe1 Re8 27.
Ra3 Ra8 28. Re4 e5 29. f5 1-0

[Event "Tournoi Skype 010"]
[Site "Skype"]
[Date "????.??.??"]
[Round "6.21"]
[White "Coruble, Didier"]
[Black "Sharma, Mayank"]
[Result "0-1"]
[WhiteElo "1402"]
[BlackElo "1676"]
[PlyCount "54"]

1. c4 Nf6 2. Nc3 e6 3. d4 d5 4. c5 c6 5. Nf3 Nbd7 6. h3 b6 7. b4 Qc7 8. b5 bxc5
9. dxc5 Bxc5 10. Na4 Bb4+ 11. Bd2 Qa5 12. bxc6 Nb8 13. a3 Bxd2+ 14. Nxd2 Nxc6
15. Rc1 Ne5 16. e3 Ne4 17. Nc3 Nxc3 18. Nb3 Nxd1+ 19. Nxa5 Nb2 20. Bb5+ Bd7 21.
Bxd7+ Kxd7 22. O-O Rhc8 23. Rb1 Nbc4 24. Rb7+ Ke8 25. Nb3 Nxa3 26. Ra1 Nec4 27.
Rb4 Nc2 0-1

[Event "Tournoi Skype 010"]
[Site "Skype"]
[Date "????.??.??"]
[Round "6.22"]
[White "Gerbaux, Regis"]
[Black "Le Brun, Yves"]
[Result "0-1"]
[WhiteElo "1422"]
[BlackElo "1638"]
[PlyCount "57"]

1. e4 c5 2. Nf3 a6 3. d4 e6 4. e5 Qc7 5. c3 Ne7 6. Nbd2 Nbc6 7. Nc4 Nf5 8. Bf4
b5 9. Ne3 Nxe3 10. Bxe3 d5 11. Be2 cxd4 12. Bxd4 Be7 13. O-O O-O 14. Rc1 Bd7
15. a3 Na5 16. Be3 Nc4 17. Bxc4 dxc4 18. Qd2 Bc6 19. Bf4 Rfd8 20. Qe2 Qb7 21.
Rfd1 Rd3 22. Rxd3 cxd3 23. Qxd3 Bxf3 24. gxf3 Re8 25. Rd1 g5 26. Be3 Qxf3 27.
Rd2 Qg4+ 28. Kf1 Rd8 29. Qxb5 0-1

[Event "Tournoi Skype 010"]
[Site "Skype"]
[Date "????.??.??"]
[Round "6.24"]
[White "Belazzoug, Farid"]
[Black "Gabriele, Noel"]
[Result "1/2-1/2"]
[WhiteElo "1686"]
[BlackElo "1299"]
[PlyCount "37"]

1. d4 d5 2. Nf3 Nc6 3. g3 Nf6 4. Bg2 e6 5. O-O Be7 6. Re1 O-O 7. c3 Qd6 8. Nbd2
Bd7 9. e4 dxe4 10. Nxe4 Nxe4 11. Rxe4 f5 12. Re1 Rf7 13. Bf4 e5 14. Nxe5 Nxe5
15. Bxe5 Qb6 16. Qb3 Qxb3 17. axb3 c6 18. d5 Bc5 19. dxc6 1/2-1/2

[Event "Tournoi Skype 010"]
[Site "Skype"]
[Date "????.??.??"]
[Round "6.26"]
[White "Prasad Singh, Ambika"]
[Black "Fouquereau, Andre"]
[Result "0-1"]
[WhiteElo "1330"]
[BlackElo "1587"]
[PlyCount "108"]

1. e4 e5 2. Nf3 d6 3. h3 Nf6 4. Nc3 c6 5. d4 Nbd7 6. Bc4 h6 7. O-O Be7 8. dxe5
dxe5 9. Be3 O-O 10. Qd2 Re8 11. Rad1 Qc7 12. a3 Nb6 13. Bb3 Rd8 14. Qc1 Rd6 15.
Rd3 Be6 16. Bxe6 Rxe6 17. Rfd1 Rd8 18. b3 Red6 19. Nh2 Bf8 20. a4 Nh5 21. Ne2
Nc8 22. Qd2 Rxd3 23. cxd3 b6 24. Qc3 Bd6 25. Nf1 a5 26. Nfg3 Bb4 27. Qb2 Nxg3
28. Nxg3 c5 29. Nf5 Ne7 30. Nh4 Qd6 31. Nf3 Ng6 32. Ne1 Nh4 33. Nc2 Qg6 34. g4
Nf3+ 35. Kg2 Qf6 36. Nxb4 axb4 37. Qe2 Nd4 38. Bxd4 cxd4 39. Rc1 Qe6 40. Qc2
Kh7 41. Qc4 Qe7 42. Qc7 Rd7 43. Qxb6 Rb7 44. Qc6 Ra7 45. Rc4 f6 46. f3 Qf7 47.
Rxb4 Rc7 48. Qb5 Rc2+ 49. Kg3 Qg6 50. Rc4 Rd2 51. a5 h5 52. a6 Qg5 53. h4 Qf4+
54. Kh3 Qxf3# 0-1

[Event "Tournoi Skype 010"]
[Site "Skype"]
[Date "????.??.??"]
[Round "6.27"]
[White "Martin, Jean-Claude"]
[Black "Dubois, Real"]
[Result "0-1"]
[WhiteElo "1290"]
[BlackElo "1534"]
[PlyCount "84"]

1. d4 d5 2. c4 g6 3. Nc3 e6 4. Nf3 Bg7 5. Bf4 c6 6. e3 Nf6 7. Bd3 Nbd7 8. O-O
O-O 9. cxd5 Nxd5 10. Nxd5 cxd5 11. Rc1 b6 12. Bb5 Bb7 13. Qa4 Nf6 14. Bc6 Bxc6
15. Qxc6 Ne4 16. Qc7 Qxc7 17. Rxc7 h6 18. Be5 f6 19. Bd6 Nxd6 20. Rfc1 Rf7 21.
b3 Rxc7 22. Rxc7 Rc8 23. Rxc8+ Nxc8 24. g4 f5 25. h3 fxg4 26. hxg4 a5 27. Ne5
Bxe5 28. dxe5 Na7 29. Kf1 Nc6 30. f4 Nb4 31. a4 Na2 32. Ke1 Nc3 33. Kd2 Ne4+
34. Ke2 g5 35. fxg5 hxg5 36. Ke1 Kf7 37. Ke2 Kg6 38. Ke1 Kh6 39. Ke2 Nc3+ 40.
Kd3 Nd1 41. e4 Nf2+ 42. Kd4 Nxe4 0-1

[Event "Tournoi Skype 010"]
[Site "Skype"]
[Date "????.??.??"]
[Round "6.28"]
[White "Loyarte, Frederic"]
[Black "Farfallini, Michel"]
[Result "1-0"]
[WhiteElo "1473"]
[BlackElo "1300"]
[PlyCount "47"]

1. e4 e5 2. Nf3 Nc6 3. Bc4 Bc5 4. c3 Nf6 5. d3 d5 6. exd5 Nxd5 7. Qb3 Nce7 8.
Qb5+ c6 9. Qxc5 Bg4 10. Nxe5 Be6 11. Nd2 O-O 12. Ne4 b5 13. Bxd5 Nxd5 14. Nxc6
Qh4 15. Bg5 Qg4 16. Ne7+ Kh8 17. Nxd5 Qxg2 18. O-O-O f5 19. Nf4 Qg4 20. Nxe6
Rfc8 21. Qe7 Rg8 22. Nf6 Qe2 23. Bh6 gxh6 24. Qxh7# 1-0

[Event "Tournoi Skype 010"]
[Site "Skype"]
[Date "????.??.??"]
[Round "6.29"]
[White "Vincent, Andre"]
[Black "Dhenain, Sebastien"]
[Result "1-0"]
[WhiteElo "1426"]
[BlackElo "1227"]
[PlyCount "75"]

1. d4 d5 2. c4 e6 3. Nc3 Nf6 4. e3 Bb4 5. Nf3 Bxc3+ 6. bxc3 Ne4 7. Bb2 O-O 8.
Bd3 Nf6 9. Qc2 h6 10. O-O dxc4 11. Bxc4 Nc6 12. Rad1 Na5 13. Be2 Bd7 14. Ne5
Be8 15. Ba3 Ng4 16. Bxg4 Bb5 17. Rfe1 Re8 18. c4 Bc6 19. Bb4 f5 20. Bxa5 fxg4
21. Nxc6 bxc6 22. Rb1 Rf8 23. Rb7 Qf6 24. Rxc7 Rf7 25. Rxf7 Qxf7 26. Rb1 Rf8
27. Bb4 Rb8 28. Bd6 Rxb1+ 29. Qxb1 Qd7 30. c5 Qd8 31. g3 Qf6 32. Qb8+ Kh7 33.
Qxa7 h5 34. Qc7 h4 35. Be5 Qf8 36. a4 hxg3 37. fxg3 Qf3 38. Qxg7# 1-0

[Event "Tournoi Skype 010"]
[Site "Skype"]
[Date "????.??.??"]
[Round "6.30"]
[White "Alverson, Ginny"]
[Black "Bucherie, Volcy"]
[Result "0-1"]
[WhiteElo "1399"]
[BlackElo "1179"]
[PlyCount "62"]

1. Nf3 Nc6 2. d4 d5 3. e3 Nf6 4. Bb5 Bd7 5. Nbd2 Ne4 6. O-O Nb4 7. Bxd7+ Qxd7
8. Ne5 Qf5 9. Nd3 e6 10. c3 Nxd3 11. Nf3 Ndxf2 12. Qa4+ c6 13. Nh4 Qf6 14. g3
Nh3+ 15. Kg2 Nef2 16. Nf5 Qxf5 17. Re1 Nd3 18. e4 Qf2+ 19. Kxh3 Nxe1 20. Qd1
Be7 21. Bd2 Nf3 22. Bf4 dxe4 23. g4 Ng1+ 24. Qxg1 Qxf4 25. Rf1 Qh6+ 26. Kg3 e3
27. Kf3 Qh3+ 28. Ke2 O-O 29. Rf3 Qh6 30. Qg3 Rad8 31. Qc7 Bd6 0-1

[Event "Tournoi Skype 010"]
[Site "Skype"]
[Date "????.??.??"]
[Round "6.31"]
[White "Hague, Mark"]
[Black "Lequeux, Pierre"]
[Result "1-0"]
[WhiteElo "1391"]
[BlackElo "1000"]
[PlyCount "79"]

1. c4 d5 2. cxd5 Qxd5 3. Nc3 Qd8 4. Nf3 Nf6 5. d4 c6 6. e4 e6 7. a3 Be7 8. Bd3
O-O 9. O-O Nbd7 10. Qc2 g6 11. h3 Bd6 12. e5 Nd5 13. exd6 Nxc3 14. bxc3 Nb6 15.
Bf4 Qf6 16. Be5 Qd8 17. Qd2 f6 18. Bg3 Re8 19. Rae1 Nd5 20. c4 Nb6 21. c5 Nd5
22. Re4 f5 23. Rh4 Nf6 24. Qh6 Qd7 25. Be5 Qg7 26. Bxf6 Qxh6 27. Rxh6 Rf8 28.
Be7 Rf7 29. Ne5 Rg7 30. Re1 b6 31. Nxc6 Bd7 32. Ne5 bxc5 33. Nxd7 cxd4 34. Nf6+
Kf7 35. Nd5 exd5 36. d7 Rgg8 37. d8=Q Raxd8 38. Rxh7+ Rg7 39. Rxg7+ Kxg7 40.
Bxd8 1-0

[Event "Tournoi Skype 010"]
[Site "Skype"]
[Date "????.??.??"]
[Round "6.32"]
[White "Grasset, Xavier"]
[Black "Gharbi, Said"]
[Result "0-1"]
[WhiteElo "1151"]
[BlackElo "1387"]
[PlyCount "84"]

1. d4 e5 2. c3 e4 3. b4 d5 4. Nh3 Bxh3 5. gxh3 Nf6 6. Bg5 Be7 7. e3 h6 8. Bxf6
Bxf6 9. c4 c5 10. bxc5 O-O 11. Nc3 dxc4 12. Bxc4 Qa5 13. Qd2 Qb4 14. Bd5 Qa5
15. Bxb7 Nc6 16. Bxc6 Rac8 17. Nxe4 Qxd2+ 18. Kxd2 Rxc6 19. Rab1 Bh4 20. d5 Ra6
21. Rb2 Re8 22. Nd6 Re5 23. Nxf7 Kxf7 24. Rb7+ Kg8 25. Rb8+ Kh7 26. c6 Rxd5+
27. Ke2 Rxc6 28. e4 Rc2+ 29. Kf3 Rd3+ 30. Kg4 Bf6 31. Kf5 Rxf2+ 32. Ke6 Re3 33.
Rg1 Rxe4+ 34. Kd6 Rd2+ 35. Kc7 Be5+ 36. Kc8 Bxb8 37. Kxb8 Rxa2 38. Rg4 Rb2+ 39.
Kxa7 Re3 40. Ra4 Re7+ 41. Ka6 Reb7 42. Ka5 Ra7# 0-1

[Event "Tournoi Skype 010"]
[Site "Skype"]
[Date "????.??.??"]
[Round "6.33"]
[White "Capdeville, Jean"]
[Black "Ryan, Lea"]
[Result "1-0"]
[WhiteElo "1360"]
[BlackElo "1300"]
[PlyCount "71"]

1. e4 c5 2. c4 d6 3. Nf3 g6 4. d3 Bg7 5. h3 Nf6 6. Nbd2 O-O 7. Be2 Nc6 8. O-O
Re8 9. Rb1 a6 10. a4 Bd7 11. b3 e5 12. Bb2 Nd4 13. Nxd4 exd4 14. Nf3 Bc6 15.
Ba3 Qd7 16. Re1 Bh6 17. Bc1 Bxc1 18. Qxc1 Kg7 19. Nh2 Re5 20. Bg4 Nxg4 21. Nxg4
Rh5 22. Qf4 Qe7 23. Re2 Rf8 24. Rbe1 f6 25. Qg3 Bd7 26. f4 f5 27. exf5 Qd8 28.
Re7+ Rf7 29. f6+ Kf8 30. Rxf7+ Kxf7 31. Re7+ Kf8 32. Qe1 Bxg4 33. hxg4 Rh6 34.
Rxb7 g5 35. fxg5 Qc8 36. Qe7+ 1-0

[Event "Tournoi Skype 010"]
[Site "Skype"]
[Date "????.??.??"]
[Round "6.34"]
[White "Armingaud, Jean-Claude"]
[Black "Philibert, Andre"]
[Result "0-1"]
[WhiteElo "1142"]
[BlackElo "1358"]
[PlyCount "28"]

1. e4 e5 2. Nf3 d6 3. Bc4 Nf6 4. Nc3 Be7 5. d4 exd4 6. Nxd4 O-O 7. O-O Bd7 8.
Re1 Nc6 9. Nd5 Re8 10. Nxe7+ Qxe7 11. Bg5 Qe5 12. Qd2 Nxd4 13. Rac1 Bh3 14. g3
Nf3+ 0-1

[Event "Tournoi Skype 010"]
[Site "Skype"]
[Date "????.??.??"]
[Round "6.35"]
[White "Marty, Yvette"]
[Black "Yeter, Orhan"]
[Result "0-1"]
[WhiteElo "1000"]
[BlackElo "1399"]
[PlyCount "58"]

1. e4 e5 2. Nf3 Nc6 3. Be2 Nf6 4. Nc3 Be7 5. a3 O-O 6. d3 Bc5 7. O-O d6 8. Qd2
Be6 9. Ng5 Bc8 10. Nh3 Nd4 11. Bd1 c6 12. b4 Bb6 13. Na4 Bc7 14. c3 Ne6 15. c4
b5 16. Nc3 bxc4 17. dxc4 d5 18. Qe2 Nd4 19. Qd3 dxe4 20. Nxe4 Nxe4 21. Qxe4 f5
22. Qe3 f4 23. Qe4 Bxh3 24. Bc2 Nxc2 25. Ra2 f3 26. Qxc2 fxg2 27. Re1 Qf6 28.
Qe2 Bg4 29. Qxg4 Qxf2+ 0-1